Statistics for Alphabetical General Knowledge #4

Click here to take the quiz!

General Stats

  • This quiz has been taken 169 times
  • The average score is 15 of 26

Answer Stats

CluesAnswer% Correct
T - What ‘unsinkable’ ship sunk in 1912?Titanic
88%
N - What is the Earth’s most abundant gas?Nitrogen Gas
86%
L - What star sign is denoted by a lion?Leo
85%
F - What company has products such as the fiesta and the focusFord
81%
X - To what group of superheroes do Storm, Cyclops and Deadpool belong?(The) X-men
77%
W - What pixar film shows the love between a dirty earth robot and a modern robot called eve?Wall-E
74%
D - What is the strongest naturally occuring allotrope of carbon?Diamond
71%
H - What is the official scientific unit of frequency?Hertz
71%
K - What is the term for someone that has an obsession with stealing?Kleptomaniac
71%
Y - What is the name of the star wars character that often jumbled up words in a sentence?Yoda
71%
V - Which company did Richard Branson create?Virgin
70%
S - What restaurant has the slogan ‘eat fresh’?Subway
66%
G - What prefix is used to describe a billion of something?Giga
65%
M - What modern-day country was formerly known as Burma?Myanmar
61%
Q - What is the missing lyric from this Doris Day song “___ ____, whatever will be, will be”Qué sera
60%
B - What actor played the protagonist in the film “Night at the museum”?Ben Stiller
58%
C - What consists of two chambers: the Senate and the House of Representatives?Congress
55%
R - What three letter abbreviation is commonly used as an epitaph?R.I.P
55%
A - What is the largest region of the UAE by Area?Abu Dhabi
51%
E - Where are the Choroid and the Aqueous Humour found?Eye
46%
I - What large empire was a part of 16th century South America?Incan/Inkan
44%
J - What TV show starred Steve-O and Jimmy Knoxville?Jackass
44%
O - What 3D shape consists of 8 equilateral triangles as faces?Octahedron
20%
U - What does the spanish word ‘Paraguas’ (translatable as ‘for water’) mean in english?Umbrella
20%
Z - Which man of Elea is famous for his Paradoxes?Zeno
12%
P - What is the name of the famous Spanish film set in the 40’s that famously had a monster known as the pale man?Pan’s Labyrinth
10%

Score Distribution

Percentile by Number Answered

Percent of People with Each Score

Your Score History

You have not taken this quiz